Samuel Richardson /

Bibliographic Details
Other Authors: Bloom, Harold
Format: Book
Language:English
Published: New York : Chelsea House Publishers, 1987.
Series:Modern critical views.
Subjects:

MARC

Tag First Indicator Second Indicator Subfields
LEADER 00000cam a2200000 a 4500
001 in00000008212
005 20151002080013.0
008 870313s1987 nyu b 00100 eng
010 |a  87008069  
020 |a 1555462863 (alk. paper) :  |c $19.95 
035 |a (OCoLC)15429496 
035 |9 AAA0578AM 
040 |a DLC  |c DLC  |d TXA  |d UtOrBLW 
050 0 0 |a PR3667  |b .S25 1987 
082 0 |a 823/.6  |2 19 
245 0 0 |a Samuel Richardson /  |c edited and with an introduction by Harold Bloom. 
264 1 |a New York :  |b Chelsea House Publishers,  |c 1987. 
300 |a viii, 173 pages ;  |c 25 cm. 
336 |a text  |b txt  |2 rdacontent 
337 |a unmediated  |b n  |2 rdamedia 
338 |a volume  |b nc  |2 rdacarrier 
490 1 |a Modern critical views 
504 |a Bibliography: pages 165-166. 
500 |a Includes index. 
505 0 |a Introduction / Harold Bloom -- Richardson as novelist / Ian Watt -- The divided heart Lovelace / Martin Price -- Richardson's Lovelace / Anthony Winner -- The Inquisition (the final instalment) / Mark Kinkead-Weekes -- Crisis, resolution, and the family of the heart / Mark Kinkead-Weekes -- Reflections on the letter / Roy Roussel -- The miracle of love / Jina Politi -- Clarissa lives / Rita Goldberg -- Reading the fire-scene in Clarissa / Rosemary Bechler. 
600 1 0 |a Richardson, Samuel,  |d 1689-1761  |x Criticism and interpretation. 
700 1 |a Bloom, Harold. 
830 0 |a Modern critical views. 
999 |a MARS 
999 f f |s 81e9d6ea-87a3-36c0-bf1e-d28eb0208e30  |i 8513b321-887b-36ef-a723-a2f8905ce410  |t 0 
952 f f |p normal  |a Texas A&M University  |b College Station  |c Sterling C. Evans Library  |d Evans: Library Stacks  |t 0  |e PR3667 .S25 1987  |h Library of Congress classification  |i unmediated -- volume  |m A14812563613 
998 f f |a PR3667 .S25 1987  |t 0  |l Evans: Library Stacks